|
|
|
|
| LEADER |
02666nam a2200361 a 4500 |
| 001 |
16975 |
| 003 |
BD-DhAAL |
| 008 |
090520s2007 nyu b 001 0 eng d |
| 010 |
|
|
|a 2006009128
|
| 020 |
|
|
|a 0815341385 (alk. paper)
|
| 040 |
|
|
|a DNLM/DLC
|c DLC
|d DLC
|d BD-DhAAL
|
| 082 |
0 |
0 |
|a 572.86
|2 22
|
| 100 |
1 |
|
|a Brown, T. A.
|q (Terence A.)
|
| 245 |
1 |
0 |
|a Genomes 3 /
|c T. A. Brown.
|
| 246 |
3 |
|
|a Genomes three
|
| 250 |
|
|
|a Third edition.
|
| 260 |
|
|
|a New York :
|b Garland Science Pub.,
|c c2007.
|
| 300 |
|
|
|a xxii, 713 pages ;
|c cm
|
| 500 |
|
|
|a Rev. ed. of: Genomes / edited by T.A. Brown. Oxford ; New York : Wiley-Liss, 2002.
|
| 504 |
|
|
|a Includes bibliographical references and index.
|
| 505 |
0 |
|
|a Genomes, transcriptomes, and proteomes -- Studying DNA -- Mapping genomes -- Sequencing genomes -- Understanding a genome sequence -- Understanding how a genome functions -- Eukaryotic nuclear genomes -- Genomes of prokaryotes and eukaryotic organelles -- Virus genomes and mobile genetic elements -- Accessing the genome -- Assembly of the transcription initiation comple -- Synthesis and processing of RNA -- Synthesis and processing of the proteome -- Regulation of genome activity -- Genome replication -- Mutations and DNA repair -- Recombination -- How genomes evolve -- Molecular phylogenetics.
|
| 526 |
|
|
|a MNS
|x Professor Naiyyum Choudhury
Department of Mathematics and Natural Sciences
BRAC University
|
| 541 |
1 |
|
|e 00016975, 16976, 17141
|a Dhansere Library, Paragon Enterprises LTD.
|
| 650 |
|
0 |
|a Genomes.
|9 57829
|
| 650 |
1 |
2 |
|a Genome.
|
| 852 |
4 |
|
|a Ayesha Abed Library
|c General Stacks
|
| 942 |
|
|
|2 ddc
|c BK
|
| 999 |
|
|
|c 929
|d 929
|
| 952 |
|
|
|0 0
|1 4
|2 ddc
|4 0
|6 572_860000000000000_BRO
|7 0
|9 939
|a BRACUL
|b BRACUL
|c GEN
|d 2009-06-24
|l 0
|o 572.86 BRO
|p 3010016975
|r 2009-06-24
|t 1
|w 2009-06-24
|y BK
|x Koha Inventory 2020
|
| 952 |
|
|
|0 0
|1 4
|2 ddc
|4 0
|6 572_860000000000000_BRO
|7 0
|9 10247
|a BRACUL
|b BRACUL
|c GEN
|d 2010-05-17
|e Dhansere Library
|g 5250.00
|l 0
|o 572.86 BRO
|p 3010017141
|r 2010-05-17
|t 3
|w 2010-05-17
|y BK
|x Koha Inventory 2020 ; Requisitioned by Professor Naiyyum Choudhury
|
| 952 |
|
|
|0 0
|1 0
|2 ddc
|4 0
|6 572_860000000000000_BRO_2007
|7 0
|9 11103
|a BRACUL
|b BRACUL
|c GEN
|d 2010-06-20
|e Paragon Enterprises LTD
|g 5250.00
|l 23
|m 186
|o 572.86 BRO
|p 3010016976
|r 2025-11-02
|s 2025-05-19
|t 2
|w 2010-06-20
|y BK
|x Requisitioned by Professor Naiyyum Choudhury
|
| 952 |
|
|
|0 0
|1 0
|2 ddc
|4 0
|6 572_860000000000000_BRO
|7 0
|9 21984
|a JPGSPH
|b JPGSPH
|c GEN
|d 2013-02-27
|e Trim Education
|g 6115.00
|l 0
|o 572.86 BRO
|p 3060026667
|r 2013-02-27
|t 4
|w 2013-02-27
|y BK
|
| 952 |
|
|
|0 0
|1 0
|2 ddc
|4 0
|6 572_860000000000000_BRO
|7 0
|9 21985
|a JPGSPH
|b JPGSPH
|c AV
|d 2013-02-27
|e Trim Education
|l 0
|o 572.86 BRO
|p 4060026667
|r 2013-02-27
|t 1
|w 2013-02-27
|y AV
|